The Sikh Regiment:Bole So Nihal,Sat Sri Akal / (Record no. 192735)

MARC details
000 -LEADER
fixed length control field 00563nam a22001817a 4500
010 ## - LCCN (DPL NO)
LC control number ENG-135274
020 ## - INTERNATIONAL STANDARD BOOK NUMBER
International Standard Book Number 9789382632825
Terms of availability 750.00
035 ## - SYSTEM CONTROL NUMBER
System control number EN-118806
037 ## - SOURCE OF ACQUISITION
Source of stock number/acquisition DBAD/PUB
082 ## - DEWEY DECIMAL CLASSIFICATION NUMBER
Classification number 356.10954
100 ## - MAIN ENTRY--PERSONAL NAME
Personal name Barman,Gaurav
245 ## - TITLE STATEMENT
Title The Sikh Regiment:Bole So Nihal,Sat Sri Akal /
Statement of responsibility, etc by Gaurav Barman
260 ## - PUBLICATION, DISTRIBUTION, ETC. (IMPRINT)
Place of publication, distribution, etc Allahabad
Name of publisher, distributor, etc Aprajita Publication
Date of publication, distribution, etc 2017
270 ## - ADDRESS
City Allahabad
Postal code 211001
Address 5 Khusrobagh Road,
300 ## - PHYSICAL DESCRIPTION
Extent 264p.
Dimensions 22cm(Hb)
500 ## - GENERAL NOTE
General note Sanskriti-NEICR:Decennial Year 2017
942 ## - ADDED ENTRY ELEMENTS (KOHA)
Source of classification or shelving scheme Dewey Decimal Classification
Item type English Books
Classification part 356.10954
Call number suffix BAR
Holdings
Withdrawn status Lost status Not for loan Collection code Home library Current library Date acquired Source of acquisition Cost, normal purchase price Full call number Barcode Copy number Cost, replacement price Koha item type
      Non-fiction Bawana Bawana 30/09/2022 DBAD/PUB 750.00 356.10954 BAR EN-118806 1 750.00 English Books

© Delhi Public Library
Hit Counter
free hit counter